| 000 | 00908cab a22002055a 4500 | ||
|---|---|---|---|
| 001 | L153177 | ||
| 008 | 110620e20110528xxk 000 0 eng d | ||
| 035 | _a(Sirsi) u153177 | ||
| 041 | 0 | _aeng | |
| 100 | 1 | _aWhite, Andrew | |
| 245 | 0 | 2 | _aA hybrid creature |
| 260 | _c2011 | ||
| 490 |
_aEstates Gazette _v(1121) 28 May 2011, 90-91(2) |
||
| 520 | _aAnalysis of mixed use schemes which are recently enjoying a revival as they can be a stimulus for urban regeneration and sustainable communities. However the competing uses of the commercial and residential elements can create serious risks for those involved in the running of the schemes. Looks at the challenges associated with service charges, tenants' rights and pre-emption rights. | ||
| 590 | _aKA | ||
| 651 | 4 |
_aUnited Kingdom _y |
|
| 690 | _aENVIRONMENTAL AND LAND CONSULTANCY-PLANNING AND DEVELOPMENT | ||
| 700 | 1 | _aChandler, Bill | |
| 942 | _n0 | ||
| 999 |
_c83218 _d83218 |
||